00676pam a2200181 a 4500020002200000020001500022020003100037040000800068082002600076245010800102250001100210260005200221300007000273500001900343520010500362650001100467700001600478 a0844280887 (Text) a0844280968 a0844280976 (Teacher's ed.) cDLC00a810 NAT 2000 A094 Or.00aSports in literature :bexperiencing the thrill of competition through stories, poems, and nonfiction / a2nd ed aLincolnwood, IL :bNational Textbook Co.,c2000 axi, 354 p. ;c24 cm. +eteacher's ed. (xi, 354, [63] p. ; 23 cm.) aIncludes index aA collection of short stories, poems, essays, and non-fiction articles about various types of sports 0aSports1 aEmra, Bruce